| 000 | 00913nam a2200229 a 4500 | ||
|---|---|---|---|
| 001 | 47767 | ||
| 003 | BD-RjUL | ||
| 005 | 20211209054405.0 | ||
| 008 | 160810s2003 bg ||||| |||| 00| e b d | ||
| 020 |
_a98483000301 _c: TK. 250.00 |
||
| 035 | _a(BD-RjUL)47886 | ||
| 040 |
_aBD-RjUL _bben _cBD-RjUL _dBD-RjUL |
||
| 041 | _aben | ||
| 082 |
_223 _a324.2494083 _bSAB 2003 |
||
| 100 | 1 |
_aসামাদ, শওকত আরা _9145062 |
|
| 245 | 1 |
_aবাংলাদেশী জাতীয়তাবাদ : _bরাজনীতির বিকাশ ও জনপ্রিয়তা / _cশওকত আরা সামাদ |
|
| 260 |
_aঢাকা : _bকমল কুঁড়ি প্রকাশন, _c২০০৩. |
||
| 300 |
_a২৮৮ পৃ. ; _c২১ সেমি. |
||
| 650 |
_aরাজনৈতিক দলসমূহ _9145063 |
||
| 650 |
_aPolitical parties _9145064 |
||
| 942 |
_2ddc _cBK |
||
| 999 |
_c47767 _d47767 |
||